íCosta Rica está en Marcha! /

সংরক্ষণ করুন:
গ্রন্থ-পঞ্জীর বিবরন
প্রধান লেখক: Calderón Fournier, Rafael Angel
বিন্যাস: পাঠ‍্য
ট্যাগগুলো: ট্যাগ যুক্ত করুন
কোনো ট্যাগ নেই, প্রথমজন হিসাবে ট্যাগ করুন!

MARC

LEADER 00000 a a2200000 04500
001 47852
003
040
100 |a Calderón Fournier, Rafael Angel  
245 |a íCosta Rica está en Marcha! /  |c Rafael Angel Calderón Fournier  
773 |g número27, (julio-setiembre, 1992), pp 57-71  
999 |c 22102  |d 22102